تحميل...

Aanandamadom /

التفاصيل البيبلوغرافية
المؤلف الرئيسي: Bankim Chandra Chatterjee 1838-1894
مؤلفون آخرون: Narayanan,Palakkeehu (المترجم)
التنسيق: Printed Book
اللغة:Malayalam
منشور في: Kottayam : D C Books, 2010
الموضوعات:
LEADER 00747 a2200193 4500
008 130423b xxu||||| |||| 00| 0 mal d
020 |a 9788126405800 
082 |a 891.4433B1 
100 |a Bankim Chandra Chatterjee  |9 1581749  |d 1838-1894 
245 |a Aanandamadom /  |c Bankim Chandra Chatterji, retold by Palakkeehu Narayanan 
260 |a Kottayam :  |b D C Books,  |c 2010 
300 |a 96p.;  |c 21 cm. 
546 |a In malayalam 
600 |a Chatterji,Benkim Chandra  |d 1838-1894. 
650 |a Bengali Fiction. 
700 |a  Narayanan,Palakkeehu.  |e translator 
942 |c BK 
999 |c 98263  |d 98263 
952 |0 0  |1 0  |4 0  |6 891_000000000000000_4433C2_ANA_M  |7 0  |9 97697  |a UL  |b UL  |c ST1  |d 2013-01-31  |e 2  |g 38.50  |l 27  |m 4  |o 891.4433C2 ANA M  |p 87953  |r 2020-06-19  |s 2020-05-28  |v 55.00  |y BK